| 000 | 00540nam a2200181 i 4500 | ||
|---|---|---|---|
| 001 | 104115 | ||
| 003 | ES-MaACL | ||
| 005 | 20251014063141.0 | ||
| 007 | t| | ||
| 008 | 051123s1931 gw ||||1| ger d | ||
| 100 | 1 |
_aMichaëlis, Karin, _d1872-1950 _980859 |
|
| 245 | 1 | 0 |
_aEine Frau macht sich frei (Gunhilds reise) _b: roman / _cvon Karin Michaelis. |
| 250 | _a[1ª ed.]. | ||
| 260 |
_aBerlin : _bGustav Kiepenheuer, _c1931. |
||
| 300 |
_a236 p. ; _c19 cm. |
||
| 852 |
_aES-MaACL _jC-4664 _bR.24388 |
||
| 999 |
_c104115 _d104115 |
||